LEADER 00988nam0-22003011i-450- 001 990001846470403321 005 20021010 035 $a000184647 035 $aFED01000184647 035 $a(Aleph)000184647FED01 035 $a000184647 100 $a20021010d--------km-y0itay50------ba 101 0 $aita 200 1 $aDelle cavallette e dei mezzi per distruggerle in occasione della loro riapparizione in Capitanata nell' anno 1887$fVincenzo Lacci. 210 $aFoggia$cStabilimento Tipo-Litografico Pollice$d1887. 215 $a65 p.$d27 cm 610 0 $aCavallette 676 $a595.72 700 1$aLacci,$bVincenzo$0358082 801 0$aIT$bUNINA$gRICA$2UNIMARC 901 $aBK 912 $a990001846470403321 952 $a60 MISC. B 81/17$b$fFAGBC 952 $a60 MISC. B 59$b$fFAGBC 959 $aFAGBC 996 $aDelle cavallette e dei mezzi per distruggerle in occasione della loro riapparizione in Capitanata nell' anno 1887$9415189 997 $aUNINA DB $aING01 LEADER 01256nam0 22003373i 450 001 CFI0177205 005 20251003044129.0 010 $a8823000378 100 $a19920510d1990 ||||0itac50 ba 101 | $aita 102 $ait 181 1$6z01$ai $bxxxe 182 1$6z01$an 183 1$6z01$anc$2RDAcarrier 200 1 $aDei lavori e delle pene$eil sindacato e l'indagine della Commissione parlamentare sulle condizioni di lavoro nelle aziende$fa cura di Gloria Malaspina$gprefazione di Antonio Pizzinato 210 $aRoma$cEdiesse$d[1990] 215 $a259 p.$d20 cm. 225 | $aDossier 410 0$1001CFI0033512$12001 $aDossier 676 $a331.1$9FORZE DI LAVORO E MERCATO DEL LAVORO$v22 676 $a331.25$9ALTRE CONDIZIONI DI LAVORO$v21 702 1$aPizzinato$b, Antonio$3CFIV078099$4080 702 1$aMalaspina$b, Gloria$3CFIV109230$4340 801 3$aIT$bIT-000000$c19920510 850 $aIT-BN0095 901 $bNAP 01$cD $n$ 912 $aCFI0177205 950 0$aBiblioteca Centralizzata di Ateneo$d 01D (AR) 19 436$e 01AR 0700194365 VMA A4 1 v.$fY $h19961008$i20181016 977 $a 01 996 $aDei lavori e delle pene$91534194 997 $aUNISANNIO